Die parlamentarischen regierungssysteme in Europa

Saved in:
Bibliografiske detaljer
Hovedforfatter: Beyme, Klaus von (Author)
Format: Bog
Sprog:tysk
Udgivet: Múnich R. Piper 1970
Fag:
Tags: Tilføj Tag
Ingen Tags, Vær først til at tagge denne postø!

MARC

LEADER 00000nam a2200000 a 4500
001 UCV3190
003 CL-VaPUC
008 930428e19700000GW |||||||||||||||||ger|d
082 0 4 |a 342.06  |b BEY  |2 21 
100 0 |a Beyme, Klaus von  |e author  |9 297436 
245 1 4 |a Die parlamentarischen regierungssysteme in Europa 
300 |a 1024 p 
942 |c BK 
945 |d 19930428 00:00:00 
260 |a Múnich  |b R. Piper  |c 1970 
650 0 |a Poder legislativo  |9 258808 
583 |a last modification  |c 19930428 00:00:00  |k Rodrigo Vera 
999 |c 210494  |d 210492 
952 |0 0  |1 0  |4 0  |6 342_060000000000000_BEY_1970  |7 0  |8 A  |9 186785  |a BIBDER  |b BIBDER  |d 2019-11-14  |i 2544059  |o 342.06 BEY 1970  |p 2544059  |r 2023-01-25  |w 2019-11-14  |y BK  |k DER